000
00294nam a2200109Ia 4500
005
20251222143229.0
008
251222s9999||||xx |||||||||||||| ||spa||
082
_a
287.4/U61
245
0
_a
I Congreso de Educación Religiosa Champagnat
264
_b
Universidad Marcelino Champagnat
942
_c
LIB
999
_c
14111
_d
14111